哈佛家教全集 (Record no. 31488)

000 -LEADER
fixed length control field 00469nam a22001937a 4500
003 - CONTROL NUMBER IDENTIFIER
control field MPLRDC
005 - DATE AND TIME OF LATEST TRANSACTION
control field 20220104142519.0
008 - FIXED-LENGTH DATA ELEMENTS--GENERAL INFORMATION
fixed length control field 210129b ||||| |||| 00| 0 eng d
020 ## - INTERNATIONAL STANDARD BOOK NUMBER
International Standard Book Number 7-104-02417-4
082 ## - DEWEY DECIMAL CLASSIFICATION NUMBER
Classification number 193 WH v.1
100 ## - MAIN ENTRY--PERSONAL NAME
Personal name 王辉
245 ## - TITLE STATEMENT
Title 哈佛家教全集
Statement of responsibility, etc.
250 ## - EDITION STATEMENT
Edition statement 一版一刷
260 ## - PUBLICATION, DISTRIBUTION, ETC.
Place of publication, distribution, etc. 中国
Name of publisher, distributor, etc. 中国戏剧出版社
Date of publication, distribution, etc. 2006
300 ## - PHYSICAL DESCRIPTION
Other physical details 265
490 ## - SERIES STATEMENT
Series statement 哈佛成长智慧
650 ## - SUBJECT ADDED ENTRY--TOPICAL TERM
Topical term or geographic name entry element 家庭伦理
942 ## - ADDED ENTRY ELEMENTS (KOHA)
Koha item type Book
-- 193 WH v.1
Holdings
Withdrawn status Lost status Source of classification or shelving scheme Damaged status Not for loan Collection code Home library Current library Shelving location Date acquired Cost, normal purchase price Total Checkouts Full call number Barcode Date last seen Date last checked out Price effective from Koha item type Public note
            Malaysian Public Library, Research and Development Centre Malaysian Public Library, Research and Development Centre   10/12/2007 28.80   193 WH v.1 00031578 18/03/2021 09/08/2018 18/03/2021 Book mplrdc

© 2022. Malaysian Public Library, Research and Development Centre. All Right ReservedE-mailmplrdc@help.edu.my 

Powered by Koha